| 000 | 00748cam a2200253 i 4500 | ||
|---|---|---|---|
| 001 | 3334 | ||
| 003 | DO-SdUEMH | ||
| 005 | 20250929165739.0 | ||
| 007 | ta | ||
| 008 | 211106s2008||||spa |||gr|||| 001 ||spa|d | ||
| 020 | _a9945852240x | ||
| 040 |
_aDO-SdUEMH _bspa _erda |
||
| 041 | _aspa | ||
| 082 |
_aRD657.3 _mRD |
||
| 100 |
_aGarcia Amparo Ismael _eaut |
||
| 245 | 1 | 0 |
_aAnálisis de estados financieros : _bun buen punto de partida para tomar decisiones generales / _cIsmael García Amparo |
| 250 | _aSegunda edicion | ||
| 264 |
_aSanto Domingo, R.D. : _bUnilibros ; |
||
| 300 |
_a228 páginas : _c24 cm |
||
| 336 |
_2rdacontent _atexto _btxt |
||
| 337 |
_2rdamedia _asin mediación _bn |
||
| 338 |
_2rdacarrier _avolumen _bnc |
||
| 942 |
_2ddc _cBK _n0 |
||
| 999 |
_c3334 _d3334 |
||